Selena Gomez- Look At Her Now (All Lyrics) - Statistics

General Stats
  • This quiz has been taken 37 times
  • The average score is 323 of 415
Answer Stats
Lyrics % Correct
A
100%
a
100%
at
100%
he
100%
look
100%
Look
100%
(Look
100%
now
100%
now,
100%
now)
100%
to
100%
love
97%
she
97%
She
97%
(She
97%
the
97%
too
97%
her
94%
What
94%
(What
94%
go
90%
watch
90%
it
87%
It
87%
was
87%
But
84%
each
84%
for
84%
On
84%
other
84%
she's
84%
up
84%
little
81%
Oh,
81%
(Oh)
81%
tears
81%
Took
81%
wasn't
81%
Wasn't
81%
bullet
77%
few
77%
sad
77%
summer
77%
when
77%
years
77%
Of
74%
of
74%
They
74%
'til
74%
dodged
71%
find
71%
glad
71%
one
71%
wild
71%
first
68%
found
68%
(Mm)
68%
Mm-
68%
mm-
68%
mm,
68%
mm
68%
wants
68%
Yeah
68%
yeah
68%
good
65%
if
65%
in
65%
knows
65%
knows)
65%
lover
65%
out
65%
real
65%
she'll
65%
Shiny
65%
course
61%
down
61%
fell
61%
soak
61%
another
58%
His
58%
his
58%
Only
58%
that
58%
That
58%
way
58%
doesn't
55%
night
55%
be
52%
right,
52%
Trust
52%
woman
52%
woman)
52%
Feels
48%
had
48%
Made
48%
(Made
48%
levels
45%
more
45%
Not
45%
perfect
45%
Wow,
45%
wrong,
45%
from
39%
human
39%
human)
39%
life
39%
Like
39%
regrets
39%
Still
39%
thing
39%
went
39%
(Ah)
35%
got
35%
moment
35%
saying
35%
Fast
32%
God,
32%
him
32%
nights
32%
problem
29%
new
26%
will)
19%
No matching quizzes found
Score Distribution
Percent of People with Each Score
Percentile by Number Answered
Your Score History
You have not taken this quiz